000 01492nam a2200385 a 4500
001 dia_2355
003 CHAP
005 20240221124223.0
007 ta
008 220117s2001 mx adb f 001 0 spa d
040 _cCHAP
_amxchpua
090 _aT.C.316
_bM45 SAI
_c2001
245 1 0 _aSistema agroindustrial bovinos de doble propósito en el sureste de México /
_ccoordinador Amilcar Renan Mejenes Quijano ; colaboradores Iván Alvarado Gutiérrez...[et al.]
260 _aMéxico :
_bEl autor,
_c2001
300 _a56 hojas :
_bilustraciones, tablas, gráficas, mapas
336 _2rdacontent
_atexto
_btxt
337 _2rdamedia
_asin medio
_bn
338 _2rdacarrier
_avolumen
_bnc
500 _aGrado 6° Grupo 2
502 _aViaje de Estudios
_b(SAI) --
_cUACh. Departamento de Ingeniería Agroindustrial,
_d2001
650 1 3 _aGanado bovino
_9152663
_zMéxico
_zCampeche
_x
650 1 3 _aGanado bovino
_9152664
_zMéxico
_zQuintana Roo
650 1 3 _aGanado bovino
_9152665
_zMéxico
_zYucatán
_x
650 1 3 _aCattle
_9152660
_zMexico
_zCampeche
_x
650 1 3 _aCattle
_9152661
_zMexico
_zQuintana Roo
650 1 3 _aCattle
_9152662
_zMexico
_zYucatán
_x
700 1 _aMejenes Quijano, Amilcar Renán
_9147387
_ecoordinador
700 1 _aAlvarado Gutiérrez, Iván
_9152666
_ecolaborador
901 _aT.C.316 M45 SAI 2001
902 _aM
905 _a5232272001 mx nbm 8223123322spa16
942 _2local
942 _cVE
999 _c172877
_d172877